• 首页
  • 本馆介绍
  • 公告通知
  • 最新文献
  • 馆藏检索
  • 电子资源
  • 读者导购
  • 参考咨询
  • 我的图书馆
  • 登录
  • 详细信息显示
  • 放入我的书架
  • 预约/预借图书
  • 作者相关作品
  • 分类相关作品
  • 丛书相关作品
  • 出版社相关作品

书目信息

  • 表格格式
  • 工作单格式
  • 卡片格式
题名:
怎样提高小学生的作文水平
    
 
作者: 区秉亨 , 梁浩霖 著
分册:  
出版信息: 广州   广东人民出版社  1980
页数: 93页
开本: 19cm
丛书名:
单 册:
中图分类: G623.24 , G623.2
科图分类:
主题词: 作文--小学--教学参考资料
电子资源:
ISBN:
000 00773nam0 2200265 45
001 0182003506
005 20060808151332.15
010    @dCNY0.27
091    @a7111.1800
100    @a19950629e19821980em y0chiy0121 ea
101 0  @achi
102    @aCN@b440000
105    @ay z 000yy
200 10 @a怎样提高小学生的作文水平@Azen yang ti gao xiao xue sheng de zuo wen shui ping@f区秉亨,梁浩霖著
210    @a广州@c广东人民出版社@d1980@h1982重印
215    @a93页@d19cm
300    @a小学教学参考书
606    @a作文@x小学@x教学参考资料
690    @aG623.24@v3
690    @aG623.2
701  0 @a区秉亨@Aqiu bing heng@4著
701  0 @a梁浩霖@Aliang hao lin@4著
801  0 @aCN@b上海图书馆@c20060808
801  2 @aCN@bNLC@c20060805
905    @f2@b104397-398@dG623.2@e94
    
    怎样提高小学生的作文水平/区秉亨,梁浩霖著.-广州:广东人民出版社,1980(1982重印)
    93页;19cm
    小学教学参考书
    
    ISBN :CNY0.27
    
●
相关链接 在E读中查询图书 在五车中查询图书 在当当中查询图书 在豆瓣中查询图书


正题名:怎样提高小学生的作文水平     索取号:G623.2/94         预约/预借

序号 登录号 条形码 馆藏地/架位号 状态 备注
1 0104397   000786117   密集书库/ [索取号:G623.2/94] 在馆    
2 0104398   000466169   密集书库/ [索取号:G623.2/94] 在馆    
3 0104399   000466285   第一样本阅览室/ [索取号:G623.2/94] 在馆    
4 0447101   204471017   密集书库/ [索取号:G623.2/94] 在馆    
5 0447388   204473881   密集书库/ [索取号:G623.2/94] 在馆    
唐山师范学院图书馆 欢迎您!
大连网信软件有限公司© 版权所有